00261nam a2200109Ia 4500008004100000041000800041082001500049100001100064245005300075260001500128300000800143220803s9999 xx 000 0 und d aeng a891.46 KAL aKale V aVpu Kale Yancha Dr. Sudhir Nirgudkar Hyana Patra aPunec2014 a24p